Η γέννεση της τραγωδίας και τα Ελευσίνια μυστήρια

Αποθηκεύτηκε σε:
Λεπτομέρειες βιβλιογραφικής εγγραφής
Κύριος συγγραφέας: Schure, Edouard, 1841-1929
Άλλοι συγγραφείς: Βασιλειάδης, Χρήστος Α. (Μεταφραστής)
Μορφή: Βιβλίο
Γλώσσα:Greek
French
Δημοσίευση: [χ.τ.] : Αναγνωστίδης, [χ.χ.].
Θέματα:
Ετικέτες: Προσθήκη ετικέτας
Δεν υπάρχουν, Καταχωρήστε ετικέτα πρώτοι!

MARC

LEADER 00000cam a2200000 i 4500
001 1/79686
008 050630q19601970gr | ||| |||| ||gre||
035 |l 10078823 
040 |a GR-MY-UA  |b gre  |e aacr 
041 1 |a gre  |h fre 
082 7 |a 292.3   |2 (22) 
100 1 |a Schure, Edouard,   |d 1841-1929. 
245 1 2 |a Η γέννεση της τραγωδίας και τα Ελευσίνια μυστήρια /   |c Ed. Scure ; μεταφραστής: Χ. Βασιλειάδης.  
260 |a [χ.τ.] :   |b Αναγνωστίδης,   |c [χ.χ.].  
300 |a 174 σ. ;   |c 21 εκ. 
500 |a Τίτλος πρωτοτύπου: La genese de la tragedie and le drame d'Eleusis 
650 0 0 |a Eleusinian mysteries. 
650 0 0 |a Greek drama (Tragedy) 
700 1 |a Βασιλειάδης, Χρήστος Α.  |e trl 
852 |a INST  |b RHODES  |c KRI  |e 20050630  |h  292.3 SCH  |p 005400023135  |q 005400023135  |t BK  |y 0 
901 |a BIBL4-2005-2 
909 |a Ρ  |b 110991 
970 |a ΣΙΔΕΡΗ  |b ΝΕΚΤΑΡΙΑ  |z 2005/07/01